| Tag |
First Indicator |
Second Indicator |
Subfields |
| LEADER |
00000cam a2200000 a 4500 |
| 001 |
in00001007635 |
| 005 |
20150927222353.0 |
| 008 |
910522s1990 txu s00010 spa d |
| 035 |
|
|
|a (OCoLC)23818736
|
| 035 |
|
|
|9 AFD9614AM
|
| 040 |
|
|
|a IKM
|c IKM
|d TXA
|d UtOrBLW
|
| 049 |
|
|
|a TXAO
|
| 086 |
|
|
|a H2600.8 Ay96mum
|2 txdocs
|
| 245 |
0 |
0 |
|a Ayuda para las mujeres maltratadas :
|b guía para la familia y los amigos.
|
| 264 |
|
1 |
|a [Austin] :
|b Departamento de Servicios Humanos de Texas,
|c [1990]
|
| 300 |
|
|
|a 9 pages ;
|c 17 x 21 cm.
|
| 336 |
|
|
|a text
|b txt
|2 rdacontent
|
| 337 |
|
|
|a unmediated
|b n
|2 rdamedia
|
| 338 |
|
|
|a volume
|b nc
|2 rdacarrier
|
| 500 |
|
|
|a "Este folleto fue escrito ... por el Proyecto Nacional para la Prevención del Maltrato de la Mujer. Traducido ... por el Departamento de Servicios Humanos de Texas"--Cover page 4.
|
| 504 |
|
|
|a Includes bibliographical references (page 9).
|
| 650 |
|
0 |
|a Abused wives.
|
| 650 |
|
0 |
|a Wife abuse.
|
| 650 |
|
0 |
|a Women
|x Crimes against.
|
| 710 |
2 |
|
|a National Woman Abuse Prevention Project.
|
| 710 |
1 |
|
|a Texas.
|b Department of Human Services.
|
| 999 |
|
|
|a MARS
|
| 999 |
f |
f |
|s 801cbc8e-758e-3e0b-bac6-be3e76fb8243
|i 4a0f4b92-9587-3240-a75d-b4b94d0f5c0e
|t 0
|
| 952 |
f |
f |
|p normal
|a Texas A&M University
|b College Station
|c Sterling C. Evans Library
|d Evans: Texas Documents (Annex 5th floor)
|t 0
|e H2600.8 Ay96mum
|h Superintendent of Documents classification
|i unmediated -- volume
|m A14814532951
|
| 998 |
f |
f |
|a H2600.8 Ay96mum
|t 0
|l Evans: Texas Documents (Annex 5th floor)
|